| 000 | 01341cam a22004094a 4500 | ||
|---|---|---|---|
| 001 | 15963559 | ||
| 003 | OSt | ||
| 005 | 20140310182514.0 | ||
| 008 | 091027s2010 paua b 001 0 eng | ||
| 010 | _a 2009045679 | ||
| 016 | 7 |
_a101518254 _2DNLM |
|
| 020 | _a9781437706345 | ||
| 020 | _a1437706347 | ||
| 035 | _a(OCoLC)ocn461256282 | ||
| 040 |
_aDNLM/DLC _cDLC _dYDX _dNLM _dYDXCP _dCDX _dDLC |
||
| 042 | _apcc | ||
| 050 | 0 | 0 |
_aRC 78.7.D53 _b.V55 2010 |
| 060 | 1 | 0 |
_aWN 17 _bV699m 2011 |
| 082 | 0 | 0 | _a616.07/54 |
| 100 |
_aJoel A. Vilensky _99118 |
||
| 245 | 0 | 0 |
_aMedical imaging of normal and pathologic anatomy / _cJoel A. Vilensky ... [et al.]. |
| 260 |
_aPhiladelphia : _bSaunders/Elsevier, _cc2010. |
||
| 300 |
_a 173 p. : _bill. (some col.) ; _c23 cm. |
||
| 504 | _aIncludes bibliographical references and index. | ||
| 650 | 0 |
_aDiagnostic imaging. _98008 |
|
| 650 | 0 |
_aAnatomy, Pathological. _99119 |
|
| 650 | 0 |
_aHuman anatomy. _92588 |
|
| 650 | 1 | 2 |
_aDiagnostic Imaging _xmethods _vAtlases. _99120 |
| 650 | 2 | 2 |
_aAnatomy _vAtlases. _99121 |
| 650 | 2 | 2 |
_aPathology _vAtlases. _99122 |
| 700 | 1 |
_aVilensky, Joel A., _d1951- _99123 |
|
| 906 |
_a7 _bcbc _corignew _d1 _eecip _f20 _gy-gencatlg |
||
| 942 |
_2lcc _cSSLC |
||
| 999 |
_c13942 _d13942 |
||